000
00312nam a2200109Ia 4500
008
171211s9999 xx 000 0 und d
245
2
_a
A Prophetic Peace: Judaism, Religion, and Politics
245
_c
Alick Isaacs
260
_c
2011
650
_x
Religion
856
_u
http://down.ebook777.com/064/0253356849.pdf
999
_c
350447
_d
350447